000
00256nam a2200145Ia 4500
100
_a
None
942
_c
BK
654
_a
tool
245
_a
Tool definition
260
_b
none
082
_a
621.91
300
_a
55
546
_a
ENGLISH
999
_c
19782
_d
19782